[Event "London Classic Open 2014"]
[Site "London ENG"]
[Date "2014.12.14"]
[Round "9.75"]
[White "Kouchak, Jason"]
[Black "Cohen, Ronnie"]
[Result "0-1"]
[WhiteElo "1720"]
[BlackElo "1929"]
[WhiteFideId "26011379"]
[BlackFideId "412082"]
[EventDate "2014.12.08"]

1. d4 Nf6 2. Nf3 g6 3. Bg5 Bg7 4. Bxf6 Bxf6 5. e3 c5 6. c3 cxd4 7. exd4 Qb6 8.
Qc2 d6 9. Bd3 O-O 10. Nbd2 Nc6 11. O-O-O Bd7 12. Kb1 Rac8 13. Qb3 Qc7 14. Rde1
a6 15. h4 h6 16. Reg1 Na5 17. Qd1 Bg7 18. g4 b5 19. Rg3 Nc4 20. Nxc4 bxc4 21.
Bc2 Rb8 22. Ka1 Qb7 23. Qb1 Bc6 24. Rhh3 a5 25. Nd2 d5 26. f4 Rfd8 27. Nf3 Rd6
28. Ne5 Be8 29. Rh2 a4 30. a3 Rb6 31. Bd1 f6 32. Nf3 e6 33. Rf2 Bf8 34. Qa2 Bd6
35. Ne1 g5 36. hxg5 hxg5 37. Rh3 Bxf4 38. Rhh2 Bxh2 39. Rxh2 Bg6 40. Bxa4 Rb3
41. Rh6 Be4 42. Rh2 Qc7 43. Re2 Qf4 44. Rxe4 Qc1+ 0-1

[Event "London Classic Open 2014"]
[Site "London ENG"]
[Date "2014.12.14"]
[Round "9.76"]
[White "Basson, Heinrich"]
[Black "Bin-Suhayl, Ieysaa"]
[Result "0-1"]
[WhiteElo "1899"]
[BlackElo "1777"]
[WhiteFideId "14301440"]
[BlackFideId "429031"]
[EventDate "2014.12.08"]

1. d4 Nf6 2. c4 c5 3. d5 b5 4. cxb5 a6 5. bxa6 g6 6. Nc3 Bg7 7. g3 d6 8. Bg2
Bxa6 9. Nf3 Nbd7 10. h3 O-O 11. O-O Qb6 12. Re1 Rfb8 13. e4 Ne8 14. Qc2 Nc7 15.
b3 Nb5 16. Bb2 Nd4 17. Nxd4 cxd4 18. Na4 Qb4 19. Rad1 Bb5 20. a3 d3 21. Qc1 Qxb3
22. Bxg7 Kxg7 23. Qb2+ Qxb2 24. Nxb2 Rxa3 25. Re3 Ne5 26. Bf1 Ba6 27. Nxd3 Bxd3
28. Bxd3 Rbb3 29. Bc2 Rxe3 30. fxe3 Rxe3 31. Kf2 Rf3+ 32. Kg2 Rc3 33. Bb1 Nc4
34. Kf2 Na3 35. Bd3 Nc4 36. Bb1 Kf6 37. h4 Ne3 38. Rd3 Ng4+ 39. Ke2 Rc1 40. Ba2
Ke5 41. Ra3 Kxe4 42. Ra4+ Kf5 43. Bc4 Nf6 0-1

[Event "London Classic Open 2014"]
[Site "London ENG"]
[Date "2014.12.14"]
[Round "9.79"]
[White "Miu, Marinel"]
[Black "Wong, Shyun Fwu Aldrin"]
[Result "1/2-1/2"]
[WhiteElo "1743"]
[BlackElo "1652"]
[WhiteFideId "1220691"]
[BlackFideId "5806500"]
[EventDate "2014.12.08"]

1. Nf3 Nf6 2. b3 g6 3. Bb2 Bg7 4. c4 c5 5. g3 O-O 6. Bg2 d5 7. cxd5 Nxd5 8. Bxg7
Kxg7 9. Qc1 Qd6 10. Nc3 Nxc3 11. Qxc3+ f6 12. O-O Nc6 13. Rfc1 b6 14. d4 Bb7 15.
dxc5 bxc5 16. Qxc5 Rfd8 17. Nh4 Rac8 18. Qxd6 Rxd6 19. e3 Rcd8 20. a3 Na5 21.
Bxb7 Nxb3 22. Bf3 Nxa1 23. Rxa1 Rd2 24. Bc6 Rc2 25. Be4 Rc4 26. Bg2 Rd2 27. Nf3
Rdc2 28. Nd4 Rc1+ 29. Rxc1 Rxc1+ 30. Bf1 e5 31. Nb5 a6 32. Nd6 f5 33. Kg2 Rc3
34. a4 Ra3 35. Bxa6 Rxa4 36. Bf1 f4 37. Nc4 fxe3 38. Nxe3 h5 39. h4 Kf6 40. Bb5
Rd4 41. Bc6 g5 42. Nd5+ Kf5 43. Bd7+ Kg6 44. Be8+ Kg7 45. Ne3 Kf6 46. hxg5+ Kxg5
47. Bc6 Rb4 48. Bd7 Rd4 49. Bh3 Ra4 50. Kf3 h4 51. g4 e4+ 52. Kg2 Ra2 53. Kg1
Ra1+ 54. Bf1 Kf4 55. Kg2 Ra3 56. Bc4 Kg5 57. Bd5 Kf4 58. Kh3 Ra1 59. Nf5 Rg1 60.
Bxe4 Kxe4 61. Nxh4 Kf4 62. Ng2+ Rxg2 63. Kxg2 Kxg4 64. f3+ Kf4 65. Kf2 Kf5 66.
Ke1 Kf4 67. Ke2 Kf5 68. Kd3 Kf4 69. Ke2 Kf5 70. Ke3 Ke5 71. Kf2 Kf4 72. Kg2 Kf5
73. Kg3 Kg5 74. f4+ Kf5 75. Kf3 Kf6 76. Kf2 Kf5 77. Ke3 Kf6 78. Ke4 Ke6 79. f5+
Kf6 80. Kf4 Kf7 81. Ke5 Ke7 82. f6+ Kf7 83. Kf5 Kf8 84. Kg6 Kg8 85. Kh6 Kf7 86.
Kg5 Kf8 87. Kf5 Kf7 88. Ke5 Kf8 89. Ke6 Ke8 90. Ke5 Kf7 91. Kd6 Kxf6 1/2-1/2

[Event "London Classic Open 2014"]
[Site "London ENG"]
[Date "2014.12.14"]
[Round "9.82"]
[White "Wood, Peter R"]
[Black "Van Zyl-Rudd, Jack"]
[Result "1/2-1/2"]
[WhiteElo "1941"]
[BlackElo "1564"]
[WhiteFideId "422215"]
[BlackFideId "14310929"]
[EventDate "2014.12.08"]

1. e4 c5 2. Nc3 e6 3. g3 Nc6 4. Bg2 a6 5. d3 d6 6. f4 Nf6 7. Nf3 Qc7 8. O-O Be7
9. h3 O-O 10. g4 b5 11. Be3 Bb7 12. Ne2 d5 13. e5 Nd7 14. c3 f6 15. d4 Rae8 16.
Rc1 Nb6 17. b3 cxd4 18. cxd4 Qd7 19. Ne1 Ba3 20. Ra1 a5 21. Nd3 Be7 22. Rc1 Nb4
23. Nc5 Bxc5 24. dxc5 Nc8 25. Nd4 Na7 26. Qd2 fxe5 27. fxe5 Kh8 28. a3 1/2-1/2

[Event "London Classic Open 2014"]
[Site "London ENG"]
[Date "2014.12.14"]
[Round "9.83"]
[White "Dydak, Mateusz"]
[Black "Fixmer, Eric"]
[Result "1-0"]
[WhiteElo "1870"]
[BlackElo "1686"]
[WhiteFideId "2612305"]
[BlackFideId "4004469"]
[EventDate "2014.12.08"]

1. e4 c5 2. Nf3 d6 3. Bb5+ Bd7 4. Bxd7+ Qxd7 5. O-O Nc6 6. c3 Nf6 7. Re1 e5 8.
d4 cxd4 9. cxd4 Be7 10. d5 Na5 11. Nbd2 b5 12. b4 Nb7 13. Nb3 O-O 14. Qd3 Rfc8
15. Bb2 Nh5 16. g3 a5 17. bxa5 Nxa5 18. Nxa5 Rxa5 19. a3 Ra4 20. Rac1 Rac4 21.
Rxc4 bxc4 22. Qc3 Bd8 23. Bc1 Qa4 24. Bd2 Bb6 25. Qb4 Qa6 26. a4 Bc5 27. Qb5
Qxb5 28. axb5 Bd4 29. Bg5 c3 30. g4 Nf6 31. Bxf6 gxf6 32. Rc1 Rc5 33. Kf1 Rxb5
34. Rc2 Rb2 35. Ne1 Kg7 36. Kg2 Kf8 37. Kf3 Ke7 38. Ke2 Kd7 39. Kd3 Rxc2 40.
Nxc2 Kc7 41. f3 Kb6 42. Kc4 Ka5 43. Kb3 Kb5 44. h3 Kc5 45. Na3 Kb6 46. Nb1 Kb5
47. Nxc3+ Kc5 48. Ne2 Bf2 49. Kc3 Bh4 50. Kd3 Bg5 51. Ng3 Kb6 52. Nf5 Kc7 53.
Kc4 Kd7 54. Kb5 Bd2 55. Kb6 Bf4 56. Kb7 Bd2 57. Ng3 Bf4 58. Ne2 Be3 59. Nc3 Bc5
60. Nb5 Bb4 61. Na7 Ba3 62. Nc6 Bc5 63. Nb8+ Ke7 64. Kc7 f5 65. gxf5 Kf6 66.
Nd7+ Kg5 67. Nxc5 dxc5 68. d6 1-0

[Event "London Classic Open 2014"]
[Site "London ENG"]
[Date "2014.12.14"]
[Round "9.84"]
[White "Sajjadi, Kimiya"]
[Black "Dror, Levi"]
[Result "1/2-1/2"]
[WhiteElo "1611"]
[BlackElo "1824"]
[WhiteFideId "1516434"]
[BlackFideId "2809583"]
[EventDate "2014.12.08"]

1. d4 Nf6 2. c4 g6 3. Nc3 Bg7 4. e4 d6 5. Bg5 O-O 6. f3 h6 7. Be3 e5 8. d5 a5 9.
Qd2 Kh7 10. Nge2 Nbd7 11. Nc1 b6 12. g4 Nc5 13. h4 Ne8 14. Nd3 Bd7 15. Bh3 f5
16. gxf5 gxf5 17. O-O-O Nxd3+ 18. Qxd3 f4 19. Bxd7 Qxd7 20. Bf2 Nf6 21. Rdg1 Rg8
22. Rg2 Nh5 23. Qf1 Bf6 24. Rhg1 Qf7 25. Nb5 Rxg2 26. Qxg2 Bg7 27. Qg4 Rf8 28.
b3 Nf6 29. Qf5+ Kh8 30. Rg6 Qe7 31. Qh3 Kh7 32. Qf5 Kh8 33. Qh3 Kh7 34. Qf5 Kh8
35. Qh3 1/2-1/2

[Event "London Classic Open 2014"]
[Site "London ENG"]
[Date "2014.12.14"]
[Round "9.86"]
[White "Siddiqui, Nida Mishraz"]
[Black "Haddock, Paul"]
[Result "1-0"]
[WhiteTitle "WCM"]
[WhiteElo "1636"]
[BlackElo "1648"]
[WhiteFideId "7800495"]
[BlackFideId "419150"]
[EventDate "2014.12.08"]

1. e4 e5 2. Nf3 Nc6 3. Nc3 Nf6 4. Bb5 d6 5. d3 Be7 6. O-O O-O 7. d4 Nxd4 8. Nxd4
exd4 9. Qxd4 a6 10. Be2 b5 11. Nd5 Nxd5 12. Qxd5 Be6 13. Qh5 f5 14. Bd3 Qe8 15.
Qe2 fxe4 16. Bxe4 Bc4 17. Qg4 Bxf1 18. Bh6 g6 19. Bd5+ Kh8 20. Re1 Bc4 21. Bxa8
Qxa8 22. Rxe7 Qd5 23. Bxf8 Qd2 24. Bg7+ Kg8 25. Qc8# 1-0